|
|
|
|
| LEADER |
00000nam0a2200000 4500 |
| 001 |
286045 |
| 005 |
20231101235844.0 |
| 020 |
|
|
|a RU
|b 84-41254
|
| 035 |
|
|
|a (RuTPU)RU\TPU\book\310334
|
| 090 |
|
|
|a 286045
|
| 100 |
|
|
|a 20150302d1984 k y0rusy5003 ca
|
| 101 |
0 |
|
|a rus
|
| 102 |
|
|
|a RU
|
| 105 |
|
|
|a y a 001zy
|
| 200 |
1 |
|
|a Крупнейшие газетные фонды научных библиотек страны
|e аннотированный указатель
|f Государственная библиотека СССР им. В.И. Ленина ; сост. Н. Н. Бессонова
|
| 210 |
|
|
|a Москва
|c Изд-во ГБЛ
|d 1984
|
| 215 |
|
|
|a 171 с.
|
| 300 |
|
|
|a Сост. указаны на обороте тит. л.
|
| 320 |
|
|
|a Указатели: с. 158-165
|
| 320 |
|
|
|a Перечень сводных каталогов и картотек: с. 167-170
|
| 606 |
1 |
|
|a Библиографические пособия
|x Отражающие периодические и серийные издания
|2 stltpush
|3 (RuTPU)RU\TPU\subj\28535
|9 52053
|
| 610 |
1 |
|
|a научные библиотеки
|
| 610 |
1 |
|
|a газеты
|
| 610 |
1 |
|
|a газетные фонды
|
| 610 |
1 |
|
|a библиографические указатели
|
| 610 |
1 |
|
|a библиотечные фонды
|
| 686 |
|
|
|a Я171
|2 rubbk
|
| 702 |
|
1 |
|a Бессонова
|b Н. Н.
|4 220
|
| 712 |
0 |
2 |
|a Государственная библиотека СССР им. В.И. Ленина
|2 stltpush
|3 (RuTPU)RU\TPU\col\6015
|9 24199
|
| 801 |
|
0 |
|a RU
|b RuMRKP
|c 19950704
|g psbo
|
| 801 |
|
1 |
|a RU
|b 63413507
|c 20150302
|
| 801 |
|
2 |
|a RU
|b 63413507
|c 20170214
|g RCR
|
| 942 |
|
|
|c BK
|